[Event "DEM U16w 2025"]
[Site "Willingen GER"]
[Date "2025.06.12"]
[Round "7"]
[White "Oellrich, Emma"]
[Black "Boronina, Kseniia"]
[Result "1/2-1/2"]
[Termination "normal"]
[Board "9"]
[WhiteElo "1824"]
[BlackElo "1691"]
[WhiteClock "00:22:05"]
[BlackClock "00:37:58"]
[PlyCount "96"]
[WhiteFideId "16268806"]
[BlackFideId "34308768"]
[EventCountry "GER"]
[EventRounds "9"]
[EventType "swiss"]
[EventDate "2025.06.07"]

1. d4 {[%clk 01:30:59]} {[%emt 00:00:02]} Nf6 {[%clk 01:30:57]} {[%emt
00:00:03]} 2. c4 {[%clk 01:31:24]} {[%emt 00:00:05]} g6 {[%clk 01:31:24]}
{[%emt 00:00:03]} 3. Nc3 {[%clk 01:31:49]} {[%emt 00:00:05]} d5 {[%clk
01:31:51]} {[%emt 00:00:03]} 4. Nf3 {[%clk 01:32:14]} {[%emt 00:00:06]} Bg7
{[%clk 01:32:14]} {[%emt 00:00:06]} 5. Qb3 {[%clk 01:32:40]} {[%emt 00:00:04]}
dxc4 {[%clk 01:32:39]} {[%emt 00:00:06]} 6. Qxc4 {[%clk 01:33:04]} {[%emt
00:00:04]} O-O {[%clk 01:33:07]} {[%emt 00:00:02]} 7. e4 {[%clk 01:33:20]}
{[%emt 00:00:14]} a6 {[%clk 01:33:31]} {[%emt 00:00:07]} 8. a4 {[%clk
01:33:30]} {[%emt 00:00:20]} b5 {[%clk 01:33:25]} {[%emt 00:00:35]} 9. Qd3
{[%clk 01:32:55]} {[%emt 00:01:04]} b4 {[%clk 01:31:33]} {[%emt 00:02:23]} 10.
Nb1 {[%clk 01:31:14]} {[%emt 00:02:12]} Bb7 {[%clk 01:28:16]} {[%emt 00:03:47]}
11. Nbd2 {[%clk 01:29:28]} {[%emt 00:02:14]} a5 {[%clk 01:23:23]} {[%emt
00:05:25]} 12. Qe3 {[%clk 01:27:39]} {[%emt 00:02:19]} e6 {[%clk 01:17:34]}
{[%emt 00:06:19]} 13. Bd3 {[%clk 01:26:19]} {[%emt 00:01:49]} Nbd7 {[%clk
01:05:45]} {[%emt 00:12:19]} 14. Nb3 {[%clk 01:22:00]} {[%emt 00:04:50]} Re8
{[%clk 01:02:58]} {[%emt 00:03:17]} 15. Nfd2 {[%clk 01:10:20]} {[%emt
00:12:10]} Ng4 {[%clk 00:50:37]} {[%emt 00:12:50]} 16. Qg3 {[%clk 01:06:29]}
{[%emt 00:04:21]} f5 {[%clk 00:49:06]} {[%emt 00:02:02]} 17. Bc4 {[%clk
00:44:20]} {[%emt 00:22:38]} Nb6 {[%clk 00:47:46]} {[%emt 00:01:51]} 18. e5
{[%clk 00:38:32]} {[%emt 00:06:17]} Nxc4 {[%clk 00:46:25]} {[%emt 00:01:52]}
19. Nxc4 {[%clk 00:38:54]} {[%emt 00:00:08]} Qd5 {[%clk 00:46:22]} {[%emt
00:00:32]} 20. Ncxa5 {[%clk 00:35:15]} {[%emt 00:04:09]} Qxg2 {[%clk 00:45:41]}
{[%emt 00:01:10]} 21. Qxg2 {[%clk 00:31:03]} {[%emt 00:04:43]} Bxg2 {[%clk
00:46:06]} {[%emt 00:00:06]} 22. Rg1 {[%clk 00:31:31]} {[%emt 00:00:01]} Bd5
{[%clk 00:46:12]} {[%emt 00:00:23]} 23. Bf4 {[%clk 00:31:35]} {[%emt 00:00:27]}
c5 {[%clk 00:39:09]} {[%emt 00:07:34]} 24. dxc5 {[%clk 00:29:34]} {[%emt
00:02:31]} Nxe5 {[%clk 00:39:24]} {[%emt 00:00:15]} 25. O-O-O {[%clk 00:27:01]}
{[%emt 00:03:03]} Rec8 {[%clk 00:34:58]} {[%emt 00:04:56]} 26. Kb1 {[%clk
00:25:12]} {[%emt 00:02:19]} Nc4 {[%clk 00:22:15]} {[%emt 00:13:13]} 27. Nxc4
Bxc4 {[%clk 00:22:44]} 28. Rg3 {[%clk 00:14:59]} {[%emt 00:08:29]} e5 {[%clk
00:20:07]} {[%emt 00:03:08]} 29. Bg5 {[%clk 00:14:13]} {[%emt 00:01:15]} f4
{[%clk 00:20:24]} {[%emt 00:00:12]} 30. Rh3 {[%clk 00:14:11]} {[%emt 00:00:33]}
Be6 {[%clk 00:20:39]} {[%emt 00:00:16]} 31. Rhd3 {[%clk 00:13:16]} {[%emt
00:01:24]} Bf5 {[%clk 00:18:59]} {[%emt 00:02:11]} 32. a5 {[%clk 00:11:56]}
{[%emt 00:01:50]} h6 {[%clk 00:18:46]} {[%emt 00:00:42]} 33. Be7 {[%clk
00:12:14]} {[%emt 00:00:12]} Bf8 {[%clk 00:18:19]} {[%emt 00:00:58]} 34. Bxf8
{[%clk 00:11:33]} {[%emt 00:01:11]} Kxf8 {[%clk 00:18:39]} {[%emt 00:00:09]}
35. Kc1 {[%clk 00:11:05]} {[%emt 00:00:58]} Bxd3 {[%clk 00:18:36]} {[%emt
00:00:33]} 36. Rxd3 {[%clk 00:11:30]} {[%emt 00:00:06]} Ra6 {[%clk 00:17:20]}
{[%emt 00:01:45]} 37. f3 {[%clk 00:11:07]} {[%emt 00:00:52]} Ke7 {[%clk
00:17:32]} {[%emt 00:00:19]} 38. Kc2 {[%clk 00:08:11]} {[%emt 00:03:26]} Ke6
{[%clk 00:16:46]} {[%emt 00:01:17]} 39. Rd2 {[%clk 00:07:13]} {[%emt 00:01:27]}
g5 {[%clk 00:14:50]} {[%emt 00:02:26]} 40. h3 {[%clk 00:07:27]} {[%emt
00:00:15]} h5 {[%clk 00:13:28]} {[%emt 00:01:53]} 41. Rg2 {[%clk 00:07:14]}
{[%emt 00:00:43]} Rg8 {[%clk 00:11:10]} {[%emt 00:02:48]} 42. Nd2 {[%clk
00:30:23]} {[%emt 00:07:21]} Rxa5 {[%clk 00:40:42]} {[%emt 00:00:59]} 43. Ne4
{[%clk 00:30:47]} {[%emt 00:00:05]} Rg6 {[%clk 00:39:29]} {[%emt 00:01:43]} 44.
Kb3 {[%clk 00:29:35]} {[%emt 00:01:42]} Rb5 {[%clk 00:39:34]} {[%emt 00:00:25]}
45. Kc4 {[%clk 00:29:02]} {[%emt 00:01:03]} Rb8 {[%clk 00:40:01]} {[%emt
00:00:03]} 46. Nxg5+ {[%clk 00:28:13]} {[%emt 00:01:19]} Kd7 {[%clk 00:40:00]}
{[%emt 00:00:29]} 47. Rd2+ {[%clk 00:27:04]} {[%emt 00:01:41]} Kc6 {[%clk
00:40:20]} {[%emt 00:00:10]} 48. Nf7 {[%clk 00:22:05]} {[%emt 00:05:28]} Rg1
{[%clk 00:37:58]} {[%emt 00:02:52]} 1/2-1/2

[Event "DEM U16w 2025"]
[Site "Willingen GER"]
[Date "2025.06.12"]
[Round "7"]
[White "Weng, Yueyi Elina"]
[Black "Dedic, Sajra"]
[Result "1-0"]
[Termination "normal"]
[Board "10"]
[WhiteElo "1805"]
[BlackElo "1657"]
[WhiteClock "00:10:26"]
[BlackClock "00:24:40"]
[PlyCount "83"]
[WhiteFideId "34639896"]
[BlackFideId "14422794"]
[EventCountry "GER"]
[EventRounds "9"]
[EventType "swiss"]
[EventDate "2025.06.07"]

1. e4 {[%clk 01:30:59]} c5 {[%clk 01:30:57]} {[%emt 00:00:04]} 2. Nf3 {[%clk
01:31:16]} {[%emt 00:00:13]} a6 {[%clk 01:31:21]} {[%emt 00:00:06]} 3. c4
{[%clk 01:31:37]} {[%emt 00:00:09]} Nc6 {[%clk 01:31:43]} {[%emt 00:00:07]} 4.
d4 {[%clk 01:31:57]} {[%emt 00:00:10]} cxd4 {[%clk 01:32:07]} {[%emt 00:00:06]}
5. Nxd4 {[%clk 01:32:21]} {[%emt 00:00:06]} Nf6 {[%clk 01:32:32]} {[%emt
00:00:05]} 6. Nc3 {[%clk 01:32:37]} {[%emt 00:00:14]} e5 {[%clk 01:32:57]}
{[%emt 00:00:06]} 7. Nf5 {[%clk 01:32:51]} {[%emt 00:00:16]} d5 {[%clk
01:33:18]} {[%emt 00:00:08]} 8. cxd5 {[%clk 01:33:04]} {[%emt 00:00:17]} Nxe4
{[%clk 01:33:41]} {[%emt 00:00:08]} 9. Ng3 {[%clk 01:33:19]} {[%emt 00:00:14]}
Nxg3 {[%clk 01:33:49]} {[%emt 00:00:22]} 10. hxg3 {[%clk 01:31:24]} {[%emt
00:02:25]} Nd4 {[%clk 01:31:58]} {[%emt 00:02:21]} 11. g4 {[%clk 01:15:24]}
{[%emt 00:16:29]} g6 {[%clk 01:30:03]} {[%emt 00:02:26]} 12. Bd3 {[%clk
01:12:10]} {[%emt 00:03:44]} b5 {[%clk 01:29:05]} {[%emt 00:01:29]} 13. a3
{[%clk 01:06:02]} {[%emt 00:06:37]} Bg7 {[%clk 01:24:19]} {[%emt 00:05:16]} 14.
Be3 {[%clk 00:57:28]} {[%emt 00:09:04]} O-O {[%clk 01:23:37]} {[%emt 00:01:13]}
15. O-O {[%clk 00:47:28]} {[%emt 00:10:30]} Bb7 {[%clk 01:07:45]} {[%emt
00:16:22]} 16. Be4 {[%clk 00:45:11]} {[%emt 00:02:45]} f5 {[%clk 01:01:25]}
{[%emt 00:06:51]} 17. gxf5 {[%clk 00:44:46]} {[%emt 00:00:55]} gxf5 {[%clk
00:59:43]} {[%emt 00:02:13]} 18. Bb1 {[%clk 00:44:54]} {[%emt 00:00:22]} Bxd5
{[%clk 00:50:49]} {[%emt 00:09:25]} 19. Nxd5 {[%clk 00:45:03]} {[%emt
00:00:20]} f4 {[%clk 00:50:06]} {[%emt 00:01:14]} 20. Bxd4 {[%clk 00:44:28]}
{[%emt 00:01:05]} exd4 {[%clk 00:49:07]} {[%emt 00:01:28]} 21. Qd3 {[%clk
00:43:22]} {[%emt 00:01:36]} Qh4 {[%clk 00:47:38]} {[%emt 00:01:59]} 22. Qh3
{[%clk 00:38:37]} {[%emt 00:05:14]} Qxh3 {[%clk 00:45:32]} {[%emt 00:02:37]}
23. gxh3 {[%clk 00:38:58]} {[%emt 00:00:10]} f3 {[%clk 00:45:31]} {[%emt
00:00:30]} 24. Be4 {[%clk 00:35:53]} {[%emt 00:03:34]} Rae8 {[%clk 00:37:25]}
{[%emt 00:08:36]} 25. Rfe1 {[%clk 00:35:43]} {[%emt 00:00:41]} Re5 {[%clk
00:32:44]} {[%emt 00:05:12]} 26. Nc7 {[%clk 00:23:32]} {[%emt 00:12:39]} Kh8
{[%clk 00:27:43]} {[%emt 00:05:32]} 27. Bd5 {[%clk 00:22:02]} {[%emt 00:01:59]}
Rg5+ {[%clk 00:21:05]} {[%emt 00:07:08]} 28. Kh1 {[%clk 00:20:54]} {[%emt
00:01:37]} Rh5 {[%clk 00:11:17]} {[%emt 00:10:20]} 29. Be6 {[%clk 00:20:28]}
{[%emt 00:00:55]} Be5 {[%clk 00:09:05]} {[%emt 00:02:42]} 30. Bg4 {[%clk
00:20:28]} {[%emt 00:00:31]} Rff5 {[%clk 00:06:58]} {[%emt 00:02:38]} 31. Bxf5
{[%clk 00:19:16]} {[%emt 00:01:43]} Rxf5 {[%clk 00:06:36]} {[%emt 00:00:51]}
32. Ne6 {[%clk 00:19:09]} {[%emt 00:00:35]} Rh5 {[%clk 00:04:36]} {[%emt
00:02:31]} 33. Kg1 {[%clk 00:19:01]} {[%emt 00:00:38]} Bd6 {[%clk 00:03:27]}
{[%emt 00:01:39]} 34. Nxd4 {[%clk 00:18:49]} {[%emt 00:00:43]} Rxh3 {[%clk
00:03:14]} {[%emt 00:00:43]} 35. Nf5 {[%clk 00:14:34]} {[%emt 00:04:43]} Bh2+
{[%clk 00:01:43]} {[%emt 00:02:02]} 36. Kf1 {[%clk 00:14:57]} {[%emt 00:00:07]}
Be5 {[%clk 00:02:00]} {[%emt 00:00:14]} 37. Ng3 {[%clk 00:14:39]} {[%emt
00:00:48]} Bxb2 {[%clk 00:01:28]} {[%emt 00:01:02]} 38. Ra2 {[%clk 00:14:15]}
{[%emt 00:00:53]} Bd4 {[%clk 00:01:14]} {[%emt 00:00:45]} 39. Rc2 {[%clk
00:12:03]} {[%emt 00:02:41]} Kg7 {[%clk 00:00:40]} {[%emt 00:01:05]} 40. Re4
{[%clk 00:11:08]} {[%emt 00:01:23]} Bf6 {[%clk 00:00:33]} {[%emt 00:00:38]} 41.
Rf4 {[%clk 00:10:26]} {[%emt 00:01:11]} h5 {[%clk 00:24:40]} {[%emt 00:06:25]}
42. Rxf3 {[%emt 00:01:31]} 1-0

[Event "DEM U16w 2025"]
[Site "Willingen GER"]
[Date "2025.06.12"]
[Round "7"]
[White "Pommerehncke, Marla"]
[Black "Kopylov, Diana"]
[Result "0-1"]
[Termination "normal"]
[Board "12"]
[WhiteElo "1391"]
[BlackElo "1890"]
[WhiteClock "00:01:58"]
[BlackClock "00:14:32"]
[PlyCount "68"]
[WhiteFideId "34686347"]
[BlackFideId "16268865"]
[EventCountry "GER"]
[EventRounds "9"]
[EventType "swiss"]
[EventDate "2025.06.07"]

1. d4 {[%clk 01:30:56]} {[%emt 00:00:03]} Nf6 {[%clk 01:30:55]} {[%emt
00:00:06]} 2. Nf3 {[%clk 01:31:16]} {[%emt 00:00:11]} g6 {[%clk 01:31:18]}
{[%emt 00:00:07]} 3. Bf4 {[%clk 01:31:39]} {[%emt 00:00:06]} Bg7 {[%clk
01:31:32]} {[%emt 00:00:16]} 4. e3 {[%clk 01:32:01]} {[%emt 00:00:08]} O-O
{[%clk 01:31:53]} {[%emt 00:00:09]} 5. c3 {[%clk 01:32:16]} {[%emt 00:00:15]}
d6 {[%clk 01:32:17]} {[%emt 00:00:05]} 6. h3 {[%clk 01:32:30]} {[%emt
00:00:16]} b6 {[%clk 01:32:04]} {[%emt 00:00:43]} 7. Be2 {[%clk 01:30:48]}
{[%emt 00:02:13]} Bb7 {[%clk 01:30:11]} {[%emt 00:02:23]} 8. O-O {[%clk
01:28:19]} {[%emt 00:02:59]} Nbd7 {[%clk 01:29:52]} {[%emt 00:00:48]} 9. a4
{[%clk 01:23:35]} {[%emt 00:05:15]} a6 {[%clk 01:28:55]} {[%emt 00:01:27]} 10.
Bh2 {[%clk 01:22:10]} {[%emt 00:01:53]} Ra7 {[%clk 01:27:24]} {[%emt 00:02:03]}
11. b4 {[%clk 01:07:46]} {[%emt 00:14:54]} c5 {[%clk 01:25:28]} {[%emt
00:02:27]} 12. Nbd2 {[%clk 00:57:33]} {[%emt 00:10:41]} Qa8 {[%clk 01:24:09]}
{[%emt 00:01:50]} 13. b5 {[%clk 00:51:16]} {[%emt 00:06:46]} a5 {[%clk
01:20:12]} {[%emt 00:04:26]} 14. Rc1 {[%clk 00:46:34]} {[%emt 00:05:13]} Ne4
{[%clk 01:18:04]} {[%emt 00:02:37]} 15. Rc2 {[%clk 00:38:48]} {[%emt 00:08:17]}
Ndf6 {[%clk 01:13:43]} {[%emt 00:04:50]} 16. Nxe4 {[%clk 00:34:38]} {[%emt
00:04:42]} Nxe4 {[%clk 01:11:03]} {[%emt 00:03:08]} 17. Ne1 {[%clk 00:34:19]}
{[%emt 00:00:49]} Bd5 {[%clk 01:00:57]} {[%emt 00:10:35]} 18. c4 {[%clk
00:31:22]} {[%emt 00:03:29]} Be6 {[%clk 00:56:44]} {[%emt 00:04:41]} 19. Bf3
{[%clk 00:28:34]} {[%emt 00:03:20]} cxd4 {[%clk 00:48:04]} {[%emt 00:09:10]}
20. exd4 {[%clk 00:27:56]} {[%emt 00:01:07]} Bc8 {[%clk 00:37:48]} {[%emt
00:10:37]} 21. Qd3 {[%clk 00:19:47]} {[%emt 00:08:47]} Bb7 {[%clk 00:33:57]}
{[%emt 00:04:22]} 22. d5 {[%clk 00:18:47]} {[%emt 00:01:30]} Nc5 {[%clk
00:32:49]} {[%emt 00:01:37]} 23. Qa3 {[%clk 00:16:28]} {[%emt 00:02:50]} Bc8
{[%clk 00:28:51]} {[%emt 00:04:28]} 24. Rd2 {[%clk 00:11:40]} {[%emt 00:05:19]}
Bf5 {[%clk 00:27:22]} {[%emt 00:01:58]} 25. g4 {[%clk 00:08:42]} {[%emt
00:03:28]} Be4 {[%clk 00:25:45]} {[%emt 00:02:06]} 26. Bxe4 {[%clk 00:08:36]}
{[%emt 00:00:37]} Nxe4 {[%clk 00:26:00]} {[%emt 00:00:15]} 27. Rd3 {[%clk
00:08:17]} {[%emt 00:00:49]} Rc7 {[%clk 00:25:12]} {[%emt 00:01:13]} 28. Qc1
{[%clk 00:06:47]} {[%emt 00:02:05]} Rfc8 {[%clk 00:21:52]} {[%emt 00:03:50]}
29. f3 {[%clk 00:05:47]} {[%emt 00:01:31]} Rxc4 {[%clk 00:21:21]} {[%emt
00:01:00]} 30. Qe3 {[%clk 00:05:48]} {[%emt 00:00:30]} Nc5 {[%clk 00:16:03]}
{[%emt 00:05:48]} 31. Qxe7 {[%clk 00:05:17]} {[%emt 00:01:00]} Nxd3 32. Nxd3
{[%clk 00:05:03]} Qxd5 {[%clk 00:14:34]} {[%emt 00:00:52]} 33. Qxd6 {[%clk
00:01:35]} {[%emt 00:03:58]} Qxd6 {[%clk 00:14:39]} {[%emt 00:00:25]} 34. Bxd6
{[%clk 00:01:58]} {[%emt 00:00:07]} Rd4 {[%clk 00:14:32]} {[%emt 00:00:35]} 0-1

[Event "DEM U16w 2025"]
[Site "Willingen GER"]
[Date "2025.06.12"]
[Round "7"]
[White "Neininger, Sarah"]
[Black "Haug, Mara"]
[Result "1/2-1/2"]
[Termination "normal"]
[Board "13"]
[WhiteElo "1857"]
[BlackElo "1999"]
[WhiteClock "00:43:46"]
[BlackClock "00:26:08"]
[PlyCount "87"]
[WhiteFideId "16287410"]
[BlackFideId "16259300"]
[EventCountry "GER"]
[EventRounds "9"]
[EventType "swiss"]
[EventDate "2025.06.07"]

1. e4 {[%clk 01:30:57]} {[%emt 00:00:03]} c5 {[%clk 01:30:56]} {[%emt
00:00:04]} 2. Nf3 {[%clk 01:31:22]} {[%emt 00:00:05]} Nc6 {[%clk 01:31:22]}
{[%emt 00:00:04]} 3. d4 {[%clk 01:31:47]} {[%emt 00:00:04]} cxd4 {[%clk
01:31:48]} {[%emt 00:00:05]} 4. Nxd4 {[%clk 01:32:12]} {[%emt 00:00:05]} e5
{[%clk 01:32:12]} {[%emt 00:00:06]} 5. Nb5 {[%clk 01:31:57]} {[%emt 00:00:46]}
d6 {[%clk 01:32:36]} {[%emt 00:00:05]} 6. N1c3 {[%clk 01:31:34]} {[%emt
00:00:52]} a6 {[%clk 01:32:53]} {[%emt 00:00:14]} 7. Na3 {[%clk 01:32:00]}
{[%emt 00:00:04]} Be6 {[%clk 01:33:18]} {[%emt 00:00:05]} 8. Nd5 {[%clk
01:29:31]} {[%emt 00:02:59]} Nf6 {[%clk 01:33:36]} {[%emt 00:00:11]} 9. Bg5
{[%clk 01:29:14]} {[%emt 00:00:48]} Bxd5 {[%clk 01:33:36]} {[%emt 00:00:30]}
10. exd5 {[%clk 01:27:55]} {[%emt 00:01:50]} Qa5+ {[%clk 01:33:56]} {[%emt
00:00:09]} 11. c3 {[%clk 01:26:32]} {[%emt 00:01:52]} Qxd5 {[%clk 01:34:16]}
{[%emt 00:00:11]} 12. Qxd5 {[%clk 01:15:30]} {[%emt 00:11:32]} Nxd5 {[%clk
01:33:28]} {[%emt 00:01:18]} 13. O-O-O {[%clk 01:15:35]} {[%emt 00:00:25]} Nf6
{[%clk 01:26:27]} {[%emt 00:07:30]} 14. Nc4 {[%clk 01:13:02]} {[%emt 00:03:03]}
Rd8 {[%clk 01:23:42]} {[%emt 00:03:16]} 15. Nb6 {[%clk 01:09:44]} {[%emt
00:03:45]} Be7 {[%clk 01:18:53]} {[%emt 00:05:21]} 16. Bc4 {[%clk 01:04:33]}
{[%emt 00:05:40]} Ne4 {[%clk 01:00:33]} {[%emt 00:18:51]} 17. Be3 {[%clk
00:55:34]} {[%emt 00:09:25]} Bg5 {[%clk 00:53:56]} {[%emt 00:08:49]} 18. Rhe1
{[%clk 00:50:16]} {[%emt 00:05:45]} Bxe3+ {[%clk 00:45:44]} {[%emt 00:08:45]}
19. Rxe3 {[%clk 00:50:26]} {[%emt 00:00:19]} Nf6 {[%clk 00:45:53]} {[%emt
00:00:21]} 20. Red3 {[%clk 00:49:11]} {[%emt 00:01:44]} Ke7 {[%clk 00:43:27]}
{[%emt 00:02:57]} 21. Bd5 {[%clk 00:43:20]} {[%emt 00:06:21]} Nxd5 {[%clk
00:38:24]} {[%emt 00:05:34]} 22. Rxd5 {[%clk 00:40:20]} {[%emt 00:03:29]} h5
{[%clk 00:36:35]} {[%emt 00:02:20]} 23. Nc4 {[%clk 00:34:32]} {[%emt 00:06:18]}
Rh6 {[%clk 00:35:46]} {[%emt 00:01:18]} 24. Ne3 {[%clk 00:34:41]} {[%emt
00:00:21]} Rf6 {[%clk 00:33:11]} {[%emt 00:03:04]} 25. f3 {[%clk 00:34:12]}
{[%emt 00:01:01]} g6 {[%clk 00:30:54]} {[%emt 00:02:46]} 26. R5d3 {[%clk
00:30:28]} {[%emt 00:04:10]} Re6 {[%clk 00:27:53]} {[%emt 00:03:33]} 27. Nd5+
{[%clk 00:29:22]} {[%emt 00:01:39]} Kd7 {[%clk 00:27:22]} {[%emt 00:00:58]} 28.
Nb6+ {[%clk 00:28:51]} {[%emt 00:01:03]} Kc7 {[%clk 00:25:51]} {[%emt
00:02:01]} 29. Nd5+ {[%clk 00:28:37]} {[%emt 00:00:44]} Kb8 {[%clk 00:25:02]}
{[%emt 00:01:15]} 30. Nb6 {[%clk 00:28:12]} {[%emt 00:00:57]} Ne7 {[%clk
00:21:39]} {[%emt 00:03:55]} 31. c4 {[%clk 00:27:50]} {[%emt 00:00:53]} Kc7
{[%clk 00:19:12]} {[%emt 00:02:55]} 32. c5 {[%clk 00:26:32]} {[%emt 00:01:49]}
Kc6 {[%clk 00:17:32]} {[%emt 00:02:09]} 33. Nd5 {[%clk 00:21:04]} {[%emt
00:05:59]} Nxd5 {[%clk 00:16:48]} {[%emt 00:01:14]} 34. Rxd5 {[%clk 00:21:27]}
{[%emt 00:00:08]} f5 {[%clk 00:14:00]} {[%emt 00:03:17]} 35. b4 {[%clk
00:20:27]} {[%emt 00:01:30]} e4 {[%clk 00:08:09]} {[%emt 00:06:21]} 36. fxe4
{[%clk 00:19:36]} {[%emt 00:01:21]} fxe4 {[%clk 00:08:06]} {[%emt 00:00:33]}
37. cxd6 {[%clk 00:14:52]} {[%emt 00:05:15]} Rdxd6 {[%clk 00:06:25]} {[%emt
00:02:11]} 38. Rc5+ {[%clk 00:14:33]} {[%emt 00:00:49]} Kd7 {[%clk 00:05:39]}
{[%emt 00:01:15]} 39. Rc4 {[%clk 00:12:41]} {[%emt 00:02:20]} Rxd1+ {[%clk
00:04:24]} {[%emt 00:01:47]} 40. Kxd1 {[%clk 00:13:06]} {[%emt 00:00:05]} Kd6
{[%clk 00:03:38]} {[%emt 00:01:12]} 41. Ke2 {[%clk 00:13:08]} {[%emt 00:00:29]}
b5 {[%clk 00:28:04]} {[%emt 00:06:08]} 42. Rd4+ {[%clk 00:42:53]} {[%emt
00:00:43]} Ke5 {[%clk 00:27:37]} {[%emt 00:00:58]} 43. Ke3 {[%clk 00:43:08]}
{[%emt 00:00:15]} Kf5 {[%clk 00:26:08]} {[%emt 00:01:59]} 44. Rd5+ {[%clk
00:43:46]} {[%emt 00:16:27]} 1/2-1/2